000 01403cam a22003617a 4500
003 CHAP
005 20220329141832.0
008 971127d1997 mx r 00110 spa d
010 _a74578
011 _a75550
035 _a85114
040 _cCHAP
090 _aTesis
100 0 0 _aMuñoz Rodríguez, Roberto.
_979672
245 1 0 _aEvaluación del botran 75PH (Dicloran) en el control del moho blanco (Selerotinia sclerotiorum (Lev) De Bary) y el moho gris (Botrytis cinerea Pers Ex. Fr.) en jitomate (Lycopersicon esculentum Mill)
_c/por Roberto Muñoz Rodríguez
260 _aChapingo, Méx. :
_bEl autor,
_c1997
300 _a49 h. :
_bcuadros
502 _aTesis (Ing. Agr. Esp. en Parasitología Agrícola) -- UACH. Departamento de Parasitología Agrícola
590 _aALEPH
_b10
_c20130110
_lUCH01
_h1420
590 _aBATCH-UPD
_b10
_c20130110
_lUCH01
_h0823
590 _aBATCH-UPD
_b10
_c20130410
_lUCH01
_h0501
590 _aBATCH-UPD
_b10
_c20130914
_lUCH01
_h0747
590 _aCONVERSION
_b10
_c20130109
_lUCH01
_h1341
650 1 4 _aBotrytis cinerea.
_914705
650 1 4 _aFungicidas.
_944044
650 1 4 _aSclerotinia sclerotiorum.
_9103342
650 1 4 _aTomate
_xEnfermedades por hongos.
_9113713
901 _aBK
905 _aLilia Sánchez G.
942 _cFOLL
949 _bBC
_cTES
_d33724000629457
_eTS2
_fc.2
_h31920
_i85114
_si
949 _bBC
_cTES
_d851141
_eTS1
_h31919
_i85114
_sb
999 _c74578
_d74578